000 00497nam a2200193Ia 4500
008 151119s9999||||xx |||||||||||||| ||und||
082 _a891.464
082 _bGKKV13748
100 _aप्रभावळकर दिलीप
245 _aझूम
260 _a--
260 _b--
260 _c0
600 _aप्रभावळकर दिलीप
630 _aझूम
700 _aप्रभावळकर दिलीप
730 _aझूम
942 _cBOOK
999 _c1067355
_d1067352